header

Rudyard Kiplings Verse (Record no. 258926)

MARC details
000 -LEADER
fixed length control field 00364nam a22001457a 4500
003 - CONTROL NUMBER IDENTIFIER
control field OSt
005 - DATE AND TIME OF LATEST TRANSACTION
control field 20200803123858.0
008 - FIXED-LENGTH DATA ELEMENTS--GENERAL INFORMATION
fixed length control field 200803b xxu||||| |||| 00| 0 eng d
040 ## - CATALOGING SOURCE
Transcribing agency N/A
100 ## - MAIN ENTRY--PERSONAL NAME
Personal name Rudyard Kiplings
245 ## - TITLE STATEMENT
Title Rudyard Kiplings Verse
250 ## - EDITION STATEMENT
Edition statement Definitive Edition
260 ## - PUBLICATION, DISTRIBUTION, ETC. (IMPRINT)
Place of publication, distribution, etc New York
Name of publisher, distributor, etc Doubleday and Company INC
Date of publication, distribution, etc 1939
942 ## - ADDED ENTRY ELEMENTS (KOHA)
Source of classification or shelving scheme Library of Congress Classification
Koha item type Long Loan Books
Holdings
Withdrawn status Lost status Source of classification or shelving scheme Damaged status Not for loan Collection code Home library Current library Shelving location Date acquired Total Checkouts Full call number Barcode Date last seen Price effective from Koha item type
    Library of Congress Classification     Non-fiction Rongo University Library Rongo University Library General Stacks 03/08/2020   PR4851.K43 1939 201616701 03/08/2020 03/08/2020 Long Loan Books

© 2026 Rongo University
Contact us: librarian | system librarian | Rongo university